Statistiques concernant Villes/Pays #5

Cliquez ici pour prendre le quiz!

Statistiques générales

  • Ce quiz a été pris 88 fois
  • Le résultat moyen est 11 sur 16

Statistiques - réponses

VillesPays% Correct
AsuncionParaguay
99%
YamoussoukroCôte d'Ivoire
94%
KingstonJamaïque
94%
NagoyaJapon
91%
LoméTogo
91%
MogadiscioSomalie
87%
MünsterAllemagne
85%
HarareZimbabwe
84%
MaputoMozambique
73%
GitegaBurundi
59%
Cluj-NapocaRoumanie
57%
YarenNauru
53%
Quezon CityPhilippines
48%
SchaanLiechtenstein
19%
BirkirkaraMalte
18%
ErdenetMongolie
4%

Distribution des résultats

Percentile par nombre de réponses

% des personnes avec chaque résultat

Votre développement - résultats

Vous n’avez pas pris ce quiz